[Event "Bayerische Einzelmeisterschaft 2011 Damen"]
[Site "?"]
[Date "2011.08.27"]
[Round "8.5"]
[White "Stegmaier, Erika"]
[Black "Weiss, Monika"]
[Result "0-1"]
[WhiteElo "1614"]
[BlackElo "1652"]
[PlyCount "60"]
[EventDate "2011.??.??"]
[WhiteTeam "1.Schachklub Neuperlach e.V."]
[BlackTeam "SC Bavaria Regensb.1881"]

1. c4 e5 2. g3 Nc6 3. Bg2 Nge7 4. Nc3 g6 5. e3 Bg7 6. Nge2 d6 7. O-O O-O 8. d4
exd4 9. exd4 Nf5 10. d5 Ncd4 11. Nxd4 Nxd4 12. Be3 Nf5 13. Bd2 Bd7 14. Re1 Re8
15. Qc1 Rxe1+ 16. Qxe1 Nd4 17. Qd1 Qe7 18. Be3 Nf5 19. Qd2 Nxe3 20. fxe3 Bh6
21. Re1 Re8 22. Nd1 Bg4 23. Qb4 Bxd1 24. Rxd1 Bxe3+ 25. Kh1 Bc5 26. Qb3 Qe2 27.
Bf3 Qf2 28. Qc3 Re3 29. Qf6 Rxf3 30. Qh4 Qe2 0-1

[Event "Bayerische Einzelmeisterschaft 2011 Damen"]
[Site "?"]
[Date "2011.08.27"]
[Round "8.6"]
[White "Huber, Dorit"]
[Black "Müller, Liliane"]
[Result "0-1"]
[WhiteElo "1576"]
[BlackElo "1646"]
[PlyCount "112"]
[EventDate "2011.??.??"]
[WhiteTeam "SC Unterpfaffenhofen"]
[BlackTeam "1.Schachklub Neuperlach e.V."]

1. f4 d5 2. Nf3 Nf6 3. g3 e6 4. Bg2 c5 5. O-O Nc6 6. d3 Be7 7. c3 O-O 8. Qc2
Rb8 9. e4 d4 10. a3 b5 11. b4 c4 12. Rd1 Qb6 13. Kh1 dxc3 14. dxc4 bxc4 15.
Nxc3 Bb7 16. e5 Ng4 17. Ne4 f5 18. exf6 Bxf6 19. Ra2 Rbd8 20. h3 Rxd1+ 21. Qxd1
Ne3 22. Qe2 Nxg2 23. Nxf6+ Rxf6 24. Kxg2 Nd4 25. Qf2 Nxf3 26. Qxb6 axb6 27. Kf2
Rf8 28. Re2 e5 29. Bb2 e4 30. Bc3 Rd8 31. b5 Rd3 32. Re3 Rxe3 33. Kxe3 Kf7 34.
a4 Ke6 35. Bxg7 Kd5 36. Bc3 Bc8 37. h4 Bh3 38. Kf2 h5 39. a5 bxa5 40. Bxa5 Kc5
41. b6 Kc6 42. Ke3 Bf5 43. Ke2 Nd4+ 44. Ke3 Nb3 45. b7 Kxb7 46. Bc3 Kc6 47. Ke2
Kb5 48. Kd1 Kc5 49. Kc2 Kd5 50. Kd1 e3 51. Ke1 Ke4 52. Bb4 Kf3 53. Bc3 Bd3 54.
Be5 Nd2 55. Bc3 Ne4 56. f5 Kxg3 0-1

[Event "Bayerische Einzelmeisterschaft 2011 Damen"]
[Site "?"]
[Date "2011.08.28"]
[Round "9.1"]
[White "Lorenz, Oda"]
[Black "Ludwig, Ines"]
[Result "1-0"]
[WhiteElo "1870"]
[BlackElo "1714"]
[PlyCount "73"]
[EventDate "2011.??.??"]
[WhiteTeam "Schachges. Augsburg 1873"]
[BlackTeam "SC Mühlhof-Reichelsdorf e.V."]

1. e4 c5 2. d4 cxd4 3. c3 dxc3 4. Nxc3 e6 5. Nf3 Bc5 6. Bc4 a6 7. O-O Ne7 8. a3
b5 9. Ba2 O-O 10. b4 Ba7 11. Bg5 f6 12. Bf4 Nbc6 13. Bd6 Re8 14. Ne2 Bb7 15.
Ng3 Kh8 16. Qd3 Ng6 17. Rad1 Bc8 18. Nh5 Nce5 19. Nxe5 Nxe5 20. Bxe5 fxe5 21.
Qg3 Qe7 22. Qxe5 Bb8 23. Qc3 Rg8 24. Rd3 Qh4 25. Rh3 Qxe4 26. Bb1 Qe5 27. Nf6
h6 28. Nxg8 Qxc3 29. Rxc3 Be5 30. Re3 Bf4 31. Rf3 Bxh2+ 32. Kxh2 Kxg8 33. Rc1
Bb7 34. Re3 Rf8 35. Rc7 Bc6 36. f3 g5 37. Ba2 1-0

[Event "Bayerische Einzelmeisterschaft 2011 Damen"]
[Site "?"]
[Date "2011.08.28"]
[Round "9.2"]
[White "Zwetz, Anita"]
[Black "Huber, Dorit"]
[Result "1-0"]
[WhiteElo "1863"]
[BlackElo "1576"]
[PlyCount "66"]
[EventDate "2011.??.??"]
[WhiteTeam "TSV Kareth-Lappersdorf"]
[BlackTeam "SC Unterpfaffenhofen"]

1. d4 f5 2. Nf3 Nf6 3. Bg5 e6 4. e3 Be7 5. Ne5 d6 6. Bxf6 Bxf6 7. Qh5+ g6 8.
Nxg6 Kd7 9. Nxh8 Qxh8 10. Nc3 Kd8 11. Bc4 d5 12. Ne2 b5 13. Bxb5 c6 14. Bd3 Na6
15. Bxa6 Bxa6 16. Nf4 Ke7 17. Nd3 Rg8 18. Nc5 Bc8 19. g3 Kd6 20. f4 Bd8 21. Qe2
Ba5+ 22. c3 Bb6 23. Na4 Bc7 24. c4 Ba5+ 25. Kf2 Rg7 26. cxd5 cxd5 27. Qb5 Qd8
28. Qc5+ Kd7 29. Rac1 Bb7 30. Qb5+ Ke7 31. Nc5 Bc8 32. Rc2 Bd7 33. Nxd7 Qxd7
1-0

[Event "Bayerische Einzelmeisterschaft 2011 Damen"]
[Site "?"]
[Date "2011.08.28"]
[Round "9.3"]
[White "Weiss, Monika"]
[Black "Schäfer, Ann-Kathrin"]
[Result "0-1"]
[WhiteElo "1652"]
[BlackElo "1626"]
[PlyCount "48"]
[EventDate "2011.??.??"]
[WhiteTeam "SC Bavaria Regensb.1881"]
[BlackTeam "SC Bechhofen 1923 e.V."]

1. e4 e6 2. d4 d5 3. e5 c5 4. c3 Nc6 5. Nf3 Qb6 6. Bd3 Bd7 7. Bc2 f6 8. exf6
Nxf6 9. dxc5 Bxc5 10. O-O O-O 11. b4 Bd6 12. Bg5 Qc7 13. Nbd2 Rac8 14. Bxf6
Rxf6 15. Bxh7+ Kxh7 16. Ng5+ Kg8 17. Qh5 Rh6 18. Qf7+ Kh8 19. Nxe6 Bxh2+ 20.
Kh1 Bxe6 21. Qxc7 Bxc7+ 22. Kg1 Bh2+ 23. Kh1 Bf4+ 24. Kg1 Bxd2 0-1

[Event "Bayerische Einzelmeisterschaft 2011 Damen"]
[Site "?"]
[Date "2011.08.28"]
[Round "9.4"]
[White "Roos, Karin"]
[Black "Nietzer, Ingrid"]
[Result "0-1"]
[WhiteElo "1826"]
[BlackElo "1164"]
[PlyCount "35"]
[EventDate "2011.??.??"]
[WhiteTeam "FC Bayern München e.V."]
[BlackTeam "SK Keres-Augsburg 1980"]

1. e4 e5 2. Nf3 Nc6 3. d4 exd4 4. Nxd4 Qh4 5. Qd3 Bc5 6. Be3 Nf6 7. Nxc6 Bxe3
8. Qxe3 dxc6 9. Nc3 O-O 10. g3 Qg4 11. f3 Qe6 12. O-O-O a5 13. h4 b5 14. Bh3
Qe7 15. e5 Bxh3 16. Rxh3 Rad8 17. Rhh1 Nd5 18. f4 0-1

[Event "Bayerische Einzelmeisterschaft 2011 Damen"]
[Site "?"]
[Date "2011.08.28"]
[Round "9.5"]
[White "Müller, Liliane"]
[Black "Janekovic, Vera"]
[Result "1/2-1/2"]
[WhiteElo "1646"]
[BlackElo "1592"]
[PlyCount "37"]
[EventDate "2011.??.??"]
[WhiteTeam "1.Schachklub Neuperlach e.V."]
[BlackTeam "FC Bayern München e.V."]

1. d4 Nf6 2. c4 g6 3. Nc3 Bg7 4. e4 d6 5. Bd3 O-O 6. Nge2 Nc6 7. O-O e5 8. d5
Ne7 9. f3 c6 10. Be3 Ne8 11. Qd2 f5 12. f4 fxe4 13. Bxe4 Bf5 14. fxe5 dxe5 15.
Rad1 Bxe4 16. Nxe4 Rxf1+ 17. Kxf1 cxd5 18. cxd5 Nd6 19. Nxd6 1/2-1/2

[Event "Bayerische Einzelmeisterschaft 2011 Damen"]
[Site "?"]
[Date "2011.08.28"]
[Round "9.6"]
[White "Heyne, Regina"]
[Black "Stegmaier, Erika"]
[Result "1-0"]
[WhiteElo "1812"]
[BlackElo "1614"]
[PlyCount "129"]
[EventDate "2011.??.??"]
[WhiteTeam "FC Bayern München e.V."]
[BlackTeam "1.Schachklub Neuperlach e.V."]

1. d4 d5 2. c4 Nf6 3. Nf3 e6 4. Bg5 Nbd7 5. e3 Be7 6. Bd3 O-O 7. O-O b6 8. Nc3
Bb7 9. Rc1 dxc4 10. Bxc4 Rc8 11. Qe2 h6 12. Bh4 c5 13. Ba6 Bxa6 14. Qxa6 cxd4
15. Nxd4 Nc5 16. Qe2 Nd5 17. Bg3 Bf6 18. Rfd1 Bxd4 19. Rxd4 Qg5 20. Nxd5 exd5
21. Rcd1 Rfd8 22. Bh4 Qg6 23. Bxd8 Rxd8 24. b3 Re8 25. Rxd5 Ne6 26. Qd3 Qf6 27.
Qf5 Qb2 28. Rd7 Rf8 29. Rxa7 Qe2 30. Qd3 Qb2 31. h3 Nc5 32. Qc4 Qf6 33. Rd4 Ne6
34. Re4 Qa1+ 35. Kh2 Qf6 36. f3 Ng5 37. Ree7 Qd6+ 38. f4 Qb8 39. Kg1 Ne6 40.
Qxe6 Qxa7 41. Rxa7 fxe6 42. Rb7 Ra8 43. a4 Ra6 44. Kf2 Kh7 45. Kf3 Kg6 46. g4
Kf6 47. h4 g5 48. hxg5+ hxg5 49. Ke4 gxf4 50. exf4 Kg6 51. Ke5 Kh6 52. Kf6 Ra8
53. Rxb6 Rf8+ 54. Ke5 Rc8 55. b4 Rc1 56. Kxe6 Rc4 57. Kf5+ Kg7 58. a5 Rc7 59.
a6 Rf7+ 60. Ke4 Re7+ 61. Kf3 Re8 62. a7 Ra8 63. Rb7+ Kf6 64. b5 Ke6 65. b6 1-0